000 01284nam a2200349 a 4500
008
020 _a9780323484886 (paperback)
040 _aNUST
_cNUST
049 _aMAIN
090 _aRT55
_bSIL
100 1 _aSilvestri, Linda Anne.,
_aauthor.
245 1 0 _aSaunders comprehensive review for the NCLEX-PN examination /
_c Linda Anne Silvestri & Angela Elizabeth Silvestri ; associate editor Mary Dowell.
250 _aSeventh edition.
260 _aSt. Louis, Missouri :
_bElsevier,
_c2019.
300 _axvii, 1022 pages :
_billustrations (chiefly colour) ;
_c28 cm.
336 _atext
_btxt
_2rdacontent
337 _aunmediated
_bn
_2rdamedia
338 _avolume
_bnc
_2rdacarrier
500 _aIncludes index.
500 _aIncludes bibliographical references.
650 1 _aNursing.
650 _aNational Council Licensure Examination for Registered Nurses.
650 _aUnited States.
650 _aPractical nursing.
650 _aNational Council Licensure Examination for Practical / Vocational Nurses.
700 _aSilvestri, Angela Elizabeth.,
_aauthor.
700 _aDowell, Mary.,
_aeditor.
907 _a.b10420010
_b17-01-23
_c10-01-23
003
005 20230120204359.0
942 _cBOOKS
_kRT55
_mSIL
999 _c122182
_d122182